Análisis de cargas vivas de edificaciones en Costa Rica para efectos de diseño estructural
Guardado en:
| Hovedforfatter: | |
|---|---|
| Andre forfattere: | |
| Format: | Bog |
| Sprog: | Spanish |
| Udgivet: |
[San José ], Costa Rica
2019
|
| Fag: | |
| Tags: |
Tilføj Tag
Ingen Tags, Vær først til at tagge denne postø!
|
MARC
| LEADER | 00000nam a22000007a 4500 | ||
|---|---|---|---|
| 003 | 013066 | ||
| 005 | 20230427085719.0 | ||
| 008 | 190619b2019 cr a|||| |m|| 00| ||spa d | ||
| 040 | |c cru CEDI | ||
| 100 | |9 443 |a Rivas Calderón, Víctor Julio, 1994- | ||
| 245 | |a Análisis de cargas vivas de edificaciones en Costa Rica para efectos de diseño estructural | ||
| 260 | |a [San José ], Costa Rica |c 2019 | ||
| 500 | |a Proyecto de graduación (licenciatura en ingeniería civil)--Universidad de Costa Rica. Facultad de Ingeniería. Escuela de Ingeniería Civil. | ||
| 501 | |a Director de Proyecto de Graduación: Ing. Miguel Cruz Azofeifa, Dr.Sc | ||
| 650 | |x DINAMICA DE ESTRUCTURAS |x ENSAYO DINAMICO DE MATERIALES |x DISEÑO DE ESTRUCTURAS |x ANALISIS ESTRUCTURAL (INGENIERIA) | ||
| 700 | |9 444 |a Cruz Azofeifa, Miguel Francisco, 1956- |d Director del TFG | ||
| 942 | |c CEDI |h TFG 8216 |6 TFG_8216_000000000000000 | ||
| 999 | |c 21708 |d 21708 | ||
